Les équipes présentes à la 1ère Division 1 de foot français 1932/33 - Statistiques

Statistiques générales
  • Ce quiz a été pris 36 fois
  • Le résultat moyen est 8 sur 20
Statistiques - réponses
Classement Groupe A / Groupe B Équipe % Correct
2 Olympique de Marseille
97%
3 RC Paris
88%
5 CA Paris
82%
6 Stade Rennais UC
73%
7 OGC Nice
70%
9 FC Metz
64%
4 SO Montpellier
64%
2 AS Cannes
52%
3 FC Sochaux
48%
4 FC Sète
45%
5 SC Nîmes
33%
1 Olympique Lillois
30%
8 Red Star Olympique
30%
10 FC Mulhouse
15%
7 SC Fives
15%
1 Olympique d'Antibes
12%
6 Excelsior AC
9%
9 Hyères FC
9%
10 Olympique Alès
3%
8 Club Français
0%
Aucun quiz correspondant
Distribution des résultats
% des personnes avec chaque résultat
Percentile par nombre de réponses
Votre historique - résultats
Vous n’avez pas pris ce quiz